000 00533nam a2200181Ia 4500
008 100920s9999 xx 000 0 und d
082 _b83530
_a24 न 02
100 _aRay Sibnarayan.
245 _aA HISTORY OF THE RENAISSANCE IN BENGAL.
260 _bRENAISSANCE PUBLISHERS PVT. LTD.
_c2002
300 _a215
_bसाधी
365 _b200
520 _aसायो.
630 _aA HISTORY OF THE RENAISSANCE IN BENGAL.
650 _aसायो.
730 _aA HISTORY OF THE RENAISSANCE IN BENGAL.
942 _cBOOK
999 _c724154
_d724151